Countries With The Most Gangs - Statistics

General Stats
  • This quiz has been taken 78 times
  • The average score is 14 of 20
Answer Stats
Answer % Correct
USA
99%
Mexico
97%
Russia
86%
China
84%
UK
81%
Brazil
80%
France
80%
Japan
80%
India
79%
Italy
76%
Colombia
74%
Canada
69%
Indonesia
57%
South Africa
56%
Turkey
56%
Philippines
53%
Netherlands
40%
Sweden
39%
Portugal
37%
Morocco
34%
No matching quizzes found
Score Distribution
Percent of People with Each Score
Percentile by Number Answered
Your Score History
You have not taken this quiz